MARC

LEADER 00000nam0a2200000 4500
001 66622
005 20231031072517.0
035 |a (RuTPU)RU\TPU\book\70828 
090 |a 66622 
100 |a 20040831d1979 m y0rusy50 ca 
101 0 |a rus 
102 |a RU 
105 |a a j 001zy 
200 1 |a Технология окраски изделий в машиностроении  |e учебник  |f И. И. Денкер 
210 |a Москва  |c Высшая школа  |d 1979 
215 |a 215 с.  |c ил. 
225 1 |a Профтехобразование. Коррозия и защита металлов. Защитные покрытия 
320 |a Библиогр.: с. 213. 
610 1 |a машиностроение 
610 1 |a изделия 
610 1 |a окраска 
610 1 |a лакокрасочные покрытия 
610 1 |a коррозия металлов 
610 1 |a оборудование 
610 1 |a инструменты 
610 1 |a учебники 
675 |a 621.795(075.3)  |v 3 
700 1 |a Денкер  |b И. И.  |g Илья Ильич 
801 1 |a RU  |b 63413507  |c 20040831  |g PSBO 
900 |a Технология декоративных покрытий 
942 |c BK 
951 |a 521800  |b 030500